Los hombres se drogan, el Estado se fortalece /

Los autores plantean la tesis de que el hecho que más de la mitad de los habitantes de los países modernos se droguen, con el uso de sustancias médicas legales, es "apoyado" por un Estado que considera que un pueblo alienado aniquila o disminuye su inteligencia y con ello su capacidad para protestar...

Descripció completa

Guardat en:
Dades bibliogràfiques
Autor principal: Henry, Jules (autor)
Altres autors: Léger, Leon (autor) (autor), Bacin, Nerina (traducción) (traducción)
Format: Llibre
Idioma:espanyol
Publicat: Barcelona, España : Laertes, 1977, c1977
Matèries:
Etiquetes: Afegir etiqueta
Sense etiquetes, Sigues el primer a etiquetar aquest registre!

MARC

LEADER 00000nam^a2200000^a^4500
001 000033485
005 20250521000000.0
009 20260526114411.414
020 |a 84-85346-03-3 
037 |a Acervo ITESO - Biblioteca 
041 |a ESP 
082 |a 323.  |b HEN 
100 |a Henry, Jules  |e (autor) 
245 1 4 |a Los hombres se drogan, el Estado se fortalece /  |c J. Henry, L. Léger ; tr. por N. Bacin. 
264 4 |a Barcelona, España :  |b Laertes,  |c 1977, c1977 
300 |a 186 p. 
336 |a texto  |b txt  |2 rdacontenido 
337 |a sin mediación  |b n  |2 rdamedio 
338 |a volumen  |b nc  |2 rdasoporte 
500 |a Traducción de: Les hommes se droguent, l'Etat se renforce 
520 |a Los autores plantean la tesis de que el hecho que más de la mitad de los habitantes de los países modernos se droguen, con el uso de sustancias médicas legales, es "apoyado" por un Estado que considera que un pueblo alienado aniquila o disminuye su inteligencia y con ello su capacidad para protestar por las condiciones sociales, políticas o económicas imperantes. 
649 |a XX 
650 |a Industria Farmacéutica -  |z Países Desarrollados -  |x Condiciones Políticas 
650 |a Países Desarrollados -  |x Condiciones Psicológicas 
650 |a Países Desarrollados -  |x Condiciones Políticas 
650 |a Farmacodependencia -  |z Países Desarrollados -  |x Aspectos Políticos -  |x Tema Principal 
650 |a Psicopatología -  |x Tratamiento -  |x Aspectos Políticos -  |x Tema Principal 
650 |a Control Político -  |z Países Desarrollados - 
650 |a Antipsiquiatría -  |x Tema Principal 
650 |a Psicofarmacología 
650 |a Psiquiatría -  |z Países Desarrollados -  |x Aspectos Políticos -  |x Tema Principal 
650 |a Política y Salud Pública -  |z Países Desarrollados -  |x Tema Principal 
700 |a Léger, Leon  |e (autor) 
700 |a Bacin, Nerina  |e (traducción) 
910 |a Fondo General 
920 |a Impresos - Libros 
930 |a Colección General 
905 |a 101 
901 |a 0334850100  |b IT1  |c ACC  |i 033485  |u 20250521 
902 |a https://opac.biblio.iteso.mx/vufind/Record/000033485